000 00384nam a2200145Ia 4500
008 100204s9999 xx 000 0 und d
082 _b19815
100 _aअकोलकर प्रकाश
245 _aझोत
260 _b"अनुभव प्रकाशन, मुं."
_c1997
300 _a189
630 _aझोत
730 _aझोत
942 _cBOOK
999 _c464237
_d464234